Macintosh revealed. Volume three, Mastering the toolbox /

Saved in:
書目詳細資料
主要作者: Chernicoff, Stephen
格式: 圖書
語言:English
出版: Indianapolis, Ind. : Hayden Books, c1989,
叢編:Hayden Macintosh library
主題:
LEADER 01043nam a2200277 a 4500
001 c000014962
003 CARM
005 00000000000000.0
008 s1989 inua 00110 eng d
019 1 |a 6584889  |5 LACONCORD2021 
020 |a 0672484021 (pbk) 
035 |a (OCoLC)154286145  |5 LACONCORD2021 
040 |a SSLP  |c SSLP 
100 1 |a Chernicoff, Stephen. 
245 1 0 |a Macintosh revealed.  |n Volume three,  |p Mastering the toolbox /  |c Stephen Chernicoff. 
260 |a Indianapolis, Ind. :  |b Hayden Books,  |c c1989,  |g (1991 printing) 
300 |a xii, 606 p. :  |b ill. ;  |c 24 cm. 
440 0 |a Hayden Macintosh library 
500 |a Includes index. 
500 |a Cover note: For all Macintosh computers. 
650 0 |a Macintosh (Computer) 
740 0 1 |a Mastering the toolbox. 
852 8 |b CARM  |h A2:AL27C5  |i D03636  |p 0095940  |f BK 
082 0 4 |a 005.265  |2 20 
999 f f |i 862ee368-6395-56c1-a76a-ae6bb6432c64  |s 65829e92-a36b-58f4-8f6d-5371f7446f0a 
952 f f |p Can circulate  |a CAVAL  |b CAVAL  |c CAVAL  |d CARM 1 Store  |e D03636  |f A2:AL27C5  |h Other scheme  |i book  |m 0095940